000 01061nas a2200337 4500
001 BR0502595
003 BR-BrBNA
005 20231205105446.0
007 ta
008 230509b bl.|||p| |||| 00| 00por d
040 _aBR-BrBNA
_bpor
_cBiblioteca Nacional de Agricultura
041 _a(Pt)
072 _aL51; Q54
100 1 _aAndreotti, M. de O.
100 1 _aJunqueira, O.M.
100 1 _aBarbosa, M.J.B.
100 1 _aCancherini, L.C.
100 1 _aAraújo, L.F.
100 1 _aRodrigues, E.A.
245 1 _aEnergia metabolizável do óleo de soja em diferentes níveis de inclusão para frangos de corte nas fases de crescimento e final
650 _aFRANGO DE CORTE
650 _aSOJA
650 _aÓLEO
650 _aDIGESTIBILIDADE
650 _aVALOR NUTRITIVO
650 _aRAÇÃO BALANCEADA
650 _aCOMPOSIÇÃO DE ALIMENTO
773 0 _tRevista Brasileira de Zootecnia (Brazil)
_xISSN 1516-3598
_g(Sep-Oct 2004), v. 33(5) p. 1145-1151
_wBR0502595
909 _a202311
_bLúcia
_c55
_dLúcia Elande
942 _2AGRIS
_n0
_cANA
999 _c183072
_d183072